UM Logo

Pinterest curation and student achievement : (Record no. 21633)

MARC details
000 -LEADER
fixed length control field 00912nam a22002177a 4500
003 - CONTROL NUMBER IDENTIFIER
control field OSt
005 - DATE AND TIME OF LATEST TRANSACTION
control field 20250218152505.0
008 - FIXED-LENGTH DATA ELEMENTS--GENERAL INFORMATION
fixed length control field 240914b ||||| |||| 00| 0 eng d
040 ## - CATALOGING SOURCE
Transcribing agency 0
082 ## - DEWEY DECIMAL CLASSIFICATION NUMBER
Classification number DPer 372.05 EL269 2021 v. 122 n. 1-4
100 ## - MAIN ENTRY--PERSONAL NAME
Personal name Knake, Kaitlin Torphy.
Relator term author.
9 (RLIN) 61061
245 ## - TITLE STATEMENT
Title Pinterest curation and student achievement :
Remainder of title the effect of elementary mathematics resources on student's learning over time /
Statement of responsibility, etc. Kaitlin Torphy Knake, Zixi Chen, Xiuqi Yang, Jordan Tait.
260 ## - PUBLICATION, DISTRIBUTION, ETC. (IMPRINT)
Place of publication, distribution, etc. USA ;
Name of publisher, distributor, etc. Univirsity of Chicago Press,
Date of publication, distribution, etc. September 2021.
300 ## - PHYSICAL DESCRIPTION
Extent volume 122, pages 57-85,
Other physical details illustration.
500 ## - GENERAL NOTE
General note The Elementary School Journal, v. 122, n. 1, pages 57-85, September 2021
700 ## - ADDED ENTRY--PERSONAL NAME
Personal name Knake, Kaitlin Torphy.
Relator term author.
9 (RLIN) 61061
700 ## - ADDED ENTRY--PERSONAL NAME
Personal name Chen, Zixi.
Relator term author.
9 (RLIN) 61062
700 ## - ADDED ENTRY--PERSONAL NAME
Personal name Yang, Xiuqi.
Relator term author.
9 (RLIN) 61063
700 ## - ADDED ENTRY--PERSONAL NAME
Personal name Tait, Jordan.
Relator term author.
9 (RLIN) 61064
942 ## - ADDED ENTRY ELEMENTS (KOHA)
Source of classification or shelving scheme Dewey Decimal Classification
Koha item type Periodicals
Holdings
Withdrawn status Lost status Source of classification or shelving scheme Damaged status Not for loan Collection code Home library Current library Date acquired Total Checkouts Date last seen Price effective from Koha item type Public note
    Dewey Decimal Classification     Periodicals UM Digos College - LIC UM Digos College - LIC 09/14/2024   09/14/2024 09/14/2024 Periodicals Periodical Article